Apuntes sobre el desarrollo capitalista de Costa Rica /

Shranjeno v:
Bibliografske podrobnosti
Glavni avtor: Mora Valverde, Eduardo
Format: Texto
Teme:
Oznake: Označite
Brez oznak, prvi označite!

MARC

LEADER 00000 a a2200000 04500
001 18677
003
040
100 |a Mora Valverde, Eduardo  
245 |a Apuntes sobre el desarrollo capitalista de Costa Rica /  |c Eduardo Mora Valverde 
650 |a DESARROLLO CAPITALISTA  
773 |g número 3; páginas 7-12  
999 |c 40100  |d 40100